Flaggen, die sich in der Flagge Islands widerspiegeln - Statistiken

Allgemein
  • Dieses Quiz wurde 36 mal gespielt
  • Das Durchschnittsergebnis liegt bei 5 aus 8
Antwortstatistiken
🧊-LAND Land % Korrekt
8. Polen🇵🇱
70%
2. Frankreich🇫🇷
67%
7. Niederlande🇳🇱
67%
3. Indonesien🇮🇩
64%
6. Monaco🇲🇨
64%
5. Luxemburg🇱🇺
48%
4. Island🇮🇸
42%
1. Costa Rica🇨🇷
36%
Keine übereinstimmenden Quizze gefunden
Verteilung der Resultate
Anzahl Personen mit jedem Resultat
Perzentil nach korrekt beantworteten Fragen
Ihre Resultats-Entwicklung
Sie haben dieses Quiz noch nicht gespielt